Human rights / (Record no. 305168)
[ view plain ]
| 000 -LEADER | |
|---|---|
| fixed length control field | 01397nam a22003497a 4500 |
| 001 - CONTROL NUMBER | |
| control field | 18174588 |
| 003 - CONTROL NUMBER IDENTIFIER | |
| control field | LC |
| 005 - DATE AND TIME OF LATEST TRANSACTION | |
| control field | 20161103112308.0 |
| 008 - FIXED-LENGTH DATA ELEMENTS--GENERAL INFORMATION | |
| fixed length control field | 140603s2014 kyuab 001 0 eng |
| 010 ## - LIBRARY OF CONGRESS CONTROL NUMBER | |
| LC control number | 2013388606 |
| 020 ## - INTERNATIONAL STANDARD BOOK NUMBER | |
| International Standard Book Number | 9780736297943 |
| 035 ## - SYSTEM CONTROL NUMBER | |
| System control number | (OCoLC)ocn871004667 |
| 040 ## - CATALOGING SOURCE | |
| Original cataloging agency | ABC |
| Language of cataloging | eng |
| Transcribing agency | ABC |
| Description conventions | rda |
| Modifying agency | ABC |
| -- | DLC |
| 042 ## - AUTHENTICATION CODE | |
| Authentication code | lccopycat |
| 050 00 - LIBRARY OF CONGRESS CALL NUMBER | |
| Classification number | JC 571 |
| Item number | .H7629 2014 |
| 245 00 - TITLE STATEMENT | |
| Title | Human rights / |
| Statement of responsibility, etc | content consultant, Andrew J. Milson, Ph.D. |
| 246 1# - VARYING FORM OF TITLE | |
| Display text | At head of title: |
| Title proper/short title | National Geographic : |
| Remainder of title | global issues |
| 300 ## - PHYSICAL DESCRIPTION | |
| Extent | [vol. 3] : |
| Other physical details | color illustrations, color maps ; |
| Dimensions | 25 cm. |
| 490 0# - SERIES STATEMENT | |
| Series statement | Global issues |
| 500 ## - GENERAL NOTE | |
| General note | Includes index. |
| 500 ## - GENERAL NOTE | |
| General note | "Three reading levels (on level, below level, and above level) to reach every student"--Publisher's Web site. |
| 505 0# - FORMATTED CONTENTS NOTE | |
| Formatted contents note | [vol. 1]: grade 5 reading level (blue) -- [vol. 2]: grades 6-7 reading level (orange) -- [vol. 3]: grade 8 reading level (green). |
| 650 #0 - SUBJECT ADDED ENTRY--TOPICAL TERM | |
| Topical term or geographic name as entry element | Human rights |
| Form subdivision | Textbooks. |
| 650 #0 - SUBJECT ADDED ENTRY--TOPICAL TERM | |
| Topical term or geographic name as entry element | Human rights |
| General subdivision | Study and teaching (Middle school) |
| 650 #0 - SUBJECT ADDED ENTRY--TOPICAL TERM | |
| Topical term or geographic name as entry element | Social sciences |
| General subdivision | Study and teaching (Middle school) |
| 650 #0 - SUBJECT ADDED ENTRY--TOPICAL TERM | |
| Topical term or geographic name as entry element | Social sciences |
| Form subdivision | Textbooks. |
| 700 1# - ADDED ENTRY--PERSONAL NAME | |
| Personal name | Milson, Andrew J., |
| Relator term | consultant. |
| 710 2# - ADDED ENTRY--CORPORATE NAME | |
| Corporate name or jurisdiction name as entry element | National Geographic Learning (Firm) |
| 906 ## - LOCAL DATA ELEMENT F, LDF (RLIN) | |
| a | 7 |
| b | cbc |
| c | copycat |
| d | 2 |
| e | ncip |
| f | 20 |
| g | y-gencatlg |
| 942 ## - ADDED ENTRY ELEMENTS (KOHA) | |
| Source of classification or shelving scheme | Library of Congress Classification |
| Koha item type | Books |
| Withdrawn status | Lost status | Source of classification or shelving scheme | Damaged status | Home library | Current library | Shelving location | Date acquired | Source of acquisition | Sub Shelving location | Total Checkouts | Full call number | Barcode | Date last seen | Price effective from | Koha item type |
|---|---|---|---|---|---|---|---|---|---|---|---|---|---|---|---|
| Library of Congress Classification | Luxembourg Library | Luxembourg Library | High School Section | 11/03/2016 | Library Fund | JC 571 .H7629 2014 | 20342 | 06/19/2019 | 11/03/2016 | Books |